Application of some natural enemies in organic agriculture through IPM in Egypt and Tunisia (Record no. 17347)

MARC details
000 -LEADER
fixed length control field 01373cam a2200325Ia 45 0
001 - CONTROL NUMBER
control field u203191
003 - CONTROL NUMBER IDENTIFIER
control field SIRSI
008 - FIXED-LENGTH DATA ELEMENTS--GENERAL INFORMATION
fixed length control field 100628s2009 ua a b 000 0 eng d
040 ## - CATALOGING SOURCE
Original cataloging agency EAL
041 ## - LANGUAGE CODE
Language code of text/sound track or separate title eng
Language code of summary or abstract ara
043 ## - GEOGRAPHIC AREA CODE
Geographic area code f-ua
090 ## - LOCALLY ASSIGNED LC-TYPE CALL NUMBER (OCLC); LOCAL CALL NUMBER (RLIN)
Classification number (OCLC) (R) ; Classification number, CALL (RLIN) (NR) CD-3062
100 1# - MAIN ENTRY--PERSONAL NAME
Personal name Gaffar, Saad Abdel-Khalek Ebrahiem Mohamed .
245 10 - TITLE STATEMENT
Title Application of some natural enemies in organic agriculture through IPM in Egypt and Tunisia
Medium [computer file]/
Statement of responsibility, etc. Saad Abdel-Khalek Ebrahiem Mohamed Gaffar.
246 15 - VARYING FORM OF TITLE
Title proper/short title استخدام بعض الاعداء الطبيعية فى الزراعة العضوية خلال الادارة المتكاملة للآفات فى مصر وتونس.
260 ## - PUBLICATION, DISTRIBUTION, ETC.
Date of publication, distribution, etc. 2009.
300 ## - PHYSICAL DESCRIPTION
Extent Computer laser optical disk;
Dimensions 4 3/4 in.
502 ## - DISSERTATION NOTE
Dissertation note Thesis (Ph.D.) -- Cairo University, 2009.
504 ## - BIBLIOGRAPHY, ETC. NOTE
Bibliography, etc. note Includes bibliographical references (leaves 146-160).
538 ## - SYSTEM DETAILS NOTE
System details note Systems requirements: Adobe Reader.
546 ## - LANGUAGE NOTE
Language note Summary in Arabic.
596 ## -
-- 1
650 #0 - SUBJECT ADDED ENTRY--TOPICAL TERM
Topical term or geographic name entry element Organic agriculture
Geographic subdivision Egypt.
650 #0 - SUBJECT ADDED ENTRY--TOPICAL TERM
Topical term or geographic name entry element Organic agriculture
Geographic subdivision Tunis.
650 #0 - SUBJECT ADDED ENTRY--TOPICAL TERM
Topical term or geographic name entry element Plants
General subdivision Diseases and pests
-- Integrated control
Geographic subdivision Egypt.
650 #0 - SUBJECT ADDED ENTRY--TOPICAL TERM
Topical term or geographic name entry element Plants
General subdivision Diseases and pests
-- Biological control
Geographic subdivision Tunis.
650 #0 - SUBJECT ADDED ENTRY--TOPICAL TERM
Topical term or geographic name entry element Biological pest control agents.
856 40 - ELECTRONIC LOCATION AND ACCESS
Uniform Resource Identifier <a href="http://nile.enal.sci.eg/thesis/3062.pdf">http://nile.enal.sci.eg/thesis/3062.pdf</a>
Public note Content & Abstract.
942 ## - ADDED ENTRY ELEMENTS (KOHA)
Koha item type E-Thesis
Source of classification or shelving scheme Library of Congress Classification
Holdings
Withdrawn status Lost status Source of classification or shelving scheme Damaged status Not for loan Home library Current library Date acquired Total Checkouts Full call number Barcode Date last seen Copy number Price effective from Koha item type
    Alphabetical Classification     Main Main 02/19/2018   CD-3062 CD0003062 02/19/2018 1 02/19/2018 E-Thesis

Home | About ENAL | Collections | Services | Activities | Calendar | Contact us

7 Nadi El Sayed St., Giza, Egypt | Phone:02-33351121 +02-33351313 | 
| Email: enalegypt@gmail.com